000 01527nam a22002777a 4500
001 8092
003 FISKH
005 20251128081735.0
008 250822b cb ||||| |||| 00| 0 eng d
040 _aFISKH
_bkhr
_cFISKH
_dFISKH
050 _aPZ7
082 _a895.92
100 _aMinistry of Education, Youth and Sports
245 _aកំហុសខ្ញុំ /
_cក្រសួងអប់រំ យុវជន និងកីឡា​
260 _aភ្នំពេញ :
300 _a16 pages :
_bcolor illustrations ;
_c25 cm .
505 _aJ
520 _aឆើត ណាល់ និងតី ជាមិត្តរួមថ្នាក់​ ។ឆើតចូលចិត្តបន្លាចគេ។​ ថ្ងៃមួយឆើតត្រូវពោះចឺក តែ ណាល់ និងតី មិនបានជួយទេព្រោះគិតថាឆើតនិយាយលេង។​ ឆើតនិងតីក៏នឺកស្តាយកំហុសមិនបានជួយឆើត ។​
520 _aChheut, Nal, and Tey were classmates and friends. Chheut liked to prank others. One day, Chheut was bitten by a snake, but Nal and Tey didn’t help him because they thought he was joking. Later, Nal and Tey regretted their mistake for not helping Chheut.
521 8 _a500
_bLexile estimate
521 8 _aJ
_bRaz-Plus
650 _aកំហុសខ្ញុំ
650 _aMy mistake
942 _2ddc
_cKHB
_n0
999 _c8092
_d8092